00571 2200181 4500001002100000005001700021008004100038020001800079035002400097090001600121245009600137260005100233300003100284650002500315700001600340850001200356999002100368YOGYA-1010000000156320161101140404.0 ind  a979-420-216-9 0010-101000000001563 aDEP 614 Des aDesentralisasi sistem kesehatanb: Konsep-konsep, isu-isu dan pengalaman di berbagai negara aYogyakartabGadjah Mada University pressc1991 a166 hlm.b: ilus.c; 23 cm aKesehatan masyarakat aMills, Anne aYOPDYOG aCB-D.11/1991-402